Responses for Show #7929 - Thursday, February 14, 2019

Eric R. Backes game 4.

Contestants

[<< previous game]

Mitch Rodricks, an attorney from Oakland, California

Alex Miller Murphy, a public relations specialist from Washington, D.C.

Eric R. Backes, an attorney and government relations professional from Round Rock, Texas (whose 3-day cash winnings total $91,201)

[next game >>]

Jeopardy! Round responses

THE TOP 25 ROMANTIC COMEDIES
(Alex Trebek: According to a list put together by Vanity Fair.)
QUOTES OF NOTE
BRANDIMALS
MOUNTAINS & VALLEYS
"URRY" UP
& WAIT TABLES
    $200 1
Hugh Grant

Eric
    $200 24
Miss Piggy

Alex
    $200 11
Elmer's Glue

Alex
    $200 10
Scotland

Alex
    $200 15
curry

Eric
    $200 23
an appetizer

Mitch
    $400 2
Clueless

Mitch
    $400 25
(Alex Trebek: Less than a minute now.)

Germany

Mitch
    $400 12
Bacardi

Mitch
    $400 6
Napa

Mitch
    $400 19
scurry

Mitch
    $400 27
86

Alex
    $600 3
Moonstruck

Eric
    $600 26
Lance Armstrong

Mitch
    $600 16
Crocs

Eric
    $600 8
the Appalachians

Eric
    $600 20
Purry

Alex
    $600 29
prix fixe

Mitch
    $800 4
My Big Fat Greek Wedding

Alex
    $2,200 13
(Mitch: What is the French Revolution?)

history

Mitch
    $800 17
a swan

Mitch
    $800 7
the Jordan

Eric
    $800 21
blurry

Mitch
    $800 30
(Alex Miller Murphy: What is a corking fee...[*]?)

corkage fee

Alex
    $1000 5
[ERRATUM: The actress's surname is "Tautou", not "Tatou".]

Amélie

Eric
    $1000 14
John Dillinger

Mitch
    $1000 18
(Alex Miller Murphy: What is Travelocity?)

TripAdvisor.com

Alex
Triple Stumper
    $1000 9
Mont Blanc

Mitch
    $1000 22
slurry

Eric
    $1000 28
a crumber

Eric

Scores at the first commercial break (after clue 15):

Eric Alex Mitch
$3,400 $1,200 $1,000

Scores at the end of the Jeopardy! Round:

Eric Alex Mitch
$6,000 $2,200 $4,800

Double Jeopardy! Round responses

THIS IS 40: LITERARY EDITION
13-LETTER WORDS
SPACE SCIENCE HISTORY
KIND-OF-PERSON MAGAZINE
HISTORIC SUPREME COURT CASES
TV REBOOTED
    $400 24
the Three Musketeers

Eric
    $400 28
precipitation

Eric
    $400 14
the U.S.S.R.

Eric
    $400 1
Drummer

Eric
    $400 2
representation (or legal counsel)

Alex
    $400 25
Queer Eye

Mitch
    $800 23
madame

Mitch
    $800 29
televangelist

Eric
    $800 15
the space shuttle

Mitch
    $800 10
(Mitch: What is Explorer?)
(Eric: What is Kids?)

Traveler

EricMitch
Triple Stumper
    $800 3
internment camps

Mitch
    $800 20
Murphy Brown

Mitch
    $1200 4
to have children

Mitch
    $1200 26
the countinghouse

Triple Stumper
    $1200 17
(Eric: What is Apollo?)

Gemini

EricMitch
    $2,800 11
(Eric: What is Numistacist magazine?)

Numismatist

Eric
    $1200 6
Amistad

Mitch
    $1200 21
(Eric: What is Pyramid? Or The $25,000 Pyramid?)

The $100,000 Pyramid

Eric
Triple Stumper
    $1600 5
Pearl Buck

Eric
    $1600 27
particleboard

Eric
    $1600 16
the European Space Agency

Mitch
    $1600 12
Playboy

Eric
    $1600 8
a line-item veto

Mitch
    $1600 19
Roswell

Eric
    $2000 7
Baltimore

Triple Stumper
    $1,700 30
(Eric: What is ecclesiastically?)

pontification

Eric
    $2000 18
(Mitch: What is Curiosity?)

Pathfinder

Mitch
Triple Stumper
    $2000 13
Entrepreneur

Eric
    $2000 9
due process

Eric
    $2000 22
(Alex Trebek: With less than a minute now.)

MacGyver

Mitch

Scores at the end of the Double Jeopardy! Round:

Eric Alex Mitch
$11,100 $2,600 $14,400

[wagering suggestions for these scores]

Final Jeopardy! Round responses

COLORFUL GEOGRAPHY
AlexWhat is the Rio Grande?
$600
EricWhat is Brownsville?
$3,301
MitchWhat is Tijuana
$9,000
Brownsville

Final scores:

Eric Alex Mitch
$14,401 $2,000 $5,400
4-day champion: $105,602 3rd place: $1,000 2nd place: $2,000

Game dynamics:

Coryat scores:

Eric Alex Mitch
$15,600 $2,600 $16,600
20 R,
5 W
(including 2 DDs)
8 R,
1 W
23 R,
3 W
(including 1 DD)

Combined Coryat: $34,800

[game clues] [game scores] [suggest correction]

Game tape date: 2019-01-15
The J! Archive is created by fans, for fans. Scraping, republication, monetization, and malicious use prohibited; this site may use cookies and collect identifying information. See terms. The Jeopardy! game show and all elements thereof, including but not limited to copyright and trademark thereto, are the property of Jeopardy Productions, Inc. and are protected under law. This website is not affiliated with, sponsored by, or operated by Jeopardy Productions, Inc. Join the discussion at JBoard.tv.